LEADER 00617nam a2200169 i 4500 001 000000214089 003 CaOOAMICUS 005 20120621000000.0 008 120621s1890 xx u000 u ger u 013 $a192944 040 $aSeMil$bita 245 10$a9. Band (Der Fortsetzung zweiter Band) 300 $aVIII, 972 p. 773 0 $tConciliengeschichte.$dFreiburg im Breisgau : Herdersche Verlagshandlung, 1855-1890.$g9$w()6796 850 $aSeMil 852 $aSeMil$W1$xVenegono$y1$m2A III 13 FA$j164517$B164517$CSeMilBibl$Z2$F175509 $8I 996 $6245$a9. Band (Der Fortsetzung zweiter Band)$9(OLS)http://semarc/title/308558 LEADER 00934nam a2200217 i 4500 001 000000240780 003 CaOOAMICUS 005 20150410000000.0 008 150410s1899 it u000 u ger u 013 $a219685 040 $aSeMil$bita 100 1 $aDuhr, Bernhard <1852-1930>.$0(OLS)http://semarc/name/9925 245 10$aJesuiten-Fabeln :$bein Beitrag zur Culturgeschichte /$cvon Bernhard Duhr. 260 $aFreiburg im Breisgau :$bHerder,$c1899. 300 $aVIII, 902 p. ;$c21 cm. 650 4$aGesuiti - Libellistica.$0(OLS)http://semarc/subject/42313 650 4$aGesuiti - Favole e leggende.$0(OLS)http://semarc/subject/42314 850 $aSeMil 852 $aSeMil$W1$xVenegono$y1$m3D IV 110 FA$j191126$B191126$CSeMilBibl$Z2$F201938 $8I 996 $6245$aJesuiten-Fabeln :$bein Beitrag zur Culturgeschichte$9(OLS)http://semarc/title/342338 996 $6260$aFreiburg im Breisgau :$bHerder$9(OLS)http://semarc/publisher/29728